Creatividad y experiencia en la escritura académica y literaria (Record no. 200440)
[ view plain ]
| 000 -CABECERA | |
|---|---|
| campo de control de longitud fija | 01828nab a2200277 a 4500 |
| 005 - FECHA Y HORA DE LA ÚLTIMA TRANSACCIÓN | |
| campo de control | 20250930145518.0 |
| 008 - ELEMENTOS DE LONGITUD FIJA--INFORMACIÓN GENERAL | |
| campo de control de longitud fija | 991125c2019 sp fr p o 000 0 spa d |
| 035 ## - NÚMERO DE CONTROL DEL SISTEMA | |
| Número de control de sistema | UPN01000228345 |
| 040 ## - FUENTE DE LA CATALOGACIÓN | |
| Centro catalogador/agencia de origen | UPN |
| Lengua de catalogación | spa |
| Centro/agencia transcriptor | UPN |
| Normas de descripción | aacr2 |
| 049 ## - COLECCIÓN | |
| Colección | ART-E |
| 100 1# - ASIENTO PRINCIPAL--NOMBRE PERSONAL | |
| Nombre de persona | Valis, Noël |
| Enlace | - noel.valis@yale.edu |
| 222 #0 - TÍTULO CLAVE | |
| Título clave | ALABE : |
| Información calificativa | REVISTA DE INVESTIGACIÓN SOBRE LECTURA Y ESCRITURA |
| 245 00 - MENCIÓN DE TÍTULO | |
| Título | Creatividad y experiencia en la escritura académica y literaria |
| Medio | [recurso electrónico en línea] |
| 260 ## - PUBLICACIÓN, DISTRIBUCIÓN, ETC. | |
| Lugar de publicación, distribución, etc. | España |
| 506 0# - NOTA DE RESTRICCIONES AL ACCESO | |
| Limitaciones de acceso | Acceso abierto |
| 520 3# - NOTA DE RESUMEN, ETC. | |
| Sumario, etc. | La escritura académica y la escritura literaria parecen tener poco en común. Pero eso no es cierto, ya que ambas requieren no solo originalidad e imaginación sino experiencia. Ambas se centran en un objeto determinado, y ese objeto, sea académico o literario, deviene algo deseable, por ser desconocido, apetecible intelectual y emocionalmente. De manera análoga, escribir narrativa significa imaginar la vida de los demás, mientras escribir un texto académico significa imaginar o recrear la obra o la cultura de los demás. Parte de la experiencia que se necesita para escribir crítica literaria o cultural y literatura consiste ante todo en leer. Leer mucho. Con todo esto, no es cuestión de negar o disminuir las diferencias entre los dos tipos de escritura, sino de explorar lo que significa ser ambidiestra en el arte de escribir. |
| 650 #4 - ASIENTO SECUNDARIO DE MATERIA - TERMINO TEMATICO | |
| Término de materia o nombre geográfico como elemento de entrada | Escritura creativa |
| 9 (RLIN) | 12783 |
| 650 #4 - ASIENTO SECUNDARIO DE MATERIA - TERMINO TEMATICO | |
| 9 (RLIN) | 15048 |
| Término de materia o nombre geográfico como elemento de entrada | Experiencia |
| 653 0# - TERMINO DE INDIZACION - NO CONTROLADO | |
| Término no controlado | Escritura académica |
| 773 ## - ENLACE AL DOCUMENTO FUENTE/ENTRADA DE REGISTRO ANFITRIÓN | |
| Parte(s) relacionada(s) | No. 19 (2019), p. 1-12 |
| Título | Álabe : revista de investigación sobre lectura y escritura |
| Número Internacional Normalizado para Publicaciones Seriadas | 2171-9624 |
| 856 4# - LOCALIZACIÓN Y ACCESO ELECTRÓNICOS | |
| Identificador Uniforme del Recurso | <a href="http://revistaalabe.com/index/alabe/article/view/493/313">http://revistaalabe.com/index/alabe/article/view/493/313</a> |
| 856 4# - LOCALIZACIÓN Y ACCESO ELECTRÓNICOS | |
| Identificador Uniforme del Recurso | <a href="http://dx.doi.org/10.15645/Alabe2019.19.11">http://dx.doi.org/10.15645/Alabe2019.19.11</a> |
| 902 ## - ELEMENTOS DE DATOS B LOCAL, LDB (RLIN) | |
| Creó | Gloria Jiménez |
| 905 ## - TIPO DE MATERIAL | |
| Tipo de material | Articulo |
| 942 ## - ELEMENTOS DE PUNTO DE ACCESO ADICIONAL (KOHA) | |
| Tipo de ítem Koha | Artículo Electrónico |
| Estado de retiro | Estado de pérdida | Estado dañado | No para préstamo | Código de colección | Localización permanente | Ubicación/localización actual | Ubicación en estantería | Fecha de adquisición | Total de préstamos | Fecha visto por última vez | Identificador Uniforme del Recurso | Precio válido a partir de | Tipo de ítem Koha |
|---|---|---|---|---|---|---|---|---|---|---|---|---|---|
| Acceso abierto | Bib. Gregorio Torres Quintero | Bib. Gregorio Torres Quintero | En línea | 25/08/2023 | 25/08/2023 | http://revistaalabe.com/index/alabe/article/view/493/313 | 25/08/2023 | Artículo Electrónico |
